"Puede ir el ofendido, (Record no. 91614)

MARC details
000 -LEADER
fixed length control field 00556cam a22001931 4500
001 - CONTROL NUMBER
control field unk85002382
003 - CONTROL NUMBER IDENTIFIER
control field DLC
005 - DATE AND TIME OF LATEST TRANSACTION
control field 20260227112802.0
008 - FIXED-LENGTH DATA ELEMENTS--GENERAL INFORMATION
fixed length control field 850510s1948 mx 000 0 spa
010 ## - LIBRARY OF CONGRESS CONTROL NUMBER
LC control number unk85002382
040 ## - CATALOGING SOURCE
Original cataloging agency DLC
Transcribing agency CarP
Modifying agency DLC
043 ## - GEOGRAPHIC AREA CODE
Geographic area code n-mx---
050 00 - LIBRARY OF CONGRESS CALL NUMBER
Classification number KGF5482
Item number .A985 1948
100 1# - MAIN ENTRY--PERSONAL NAME
Personal name Avendaño Hernandez, Efrain.
245 10 - TITLE STATEMENT
Title "Puede ir el ofendido,
Statement of responsibility, etc. ante el juez civil para obtener la reparación del daño?"
260 ## - PUBLICATION, DISTRIBUTION, ETC.
Place of publication, distribution, etc. México,
Date of publication, distribution, etc. 1948.
300 ## - PHYSICAL DESCRIPTION
Extent 52 l.
Other physical details cm.
650 #0 - SUBJECT ADDED ENTRY--TOPICAL TERM
Topical term or geographic name entry element Reparation (Criminal justice)
Geographic subdivision Mexico.

No items available.

Powered by Koha